Využitie meta-heuristík pri lúštení transpozičných šifier

Uložené v:
Podrobná bibliografia
Hlavný autor: Hliboký, Tomáš (Autor)
Ďalší autori: Antal, Eugen (Vedúci práce)
Médium: Rukopis Kniha
Jazyk:Slovak
Vydavateľské údaje: 2018
Predmet:
On-line prístup:http://is.stuba.sk/zp/portal_zp.pl?podrobnosti=137379
Tagy: Pridať tag
Žiadne tagy, Buďte prvý, kto otaguje tento záznam!

MARC

LEADER 00000ntm a22000003a 4500
001 stuzp66505
003 SK-STU
005 20181207095017.5
007 ta
008 150427s2015----xo-----f-mn---000-0-slo-d
040 |a STU  |b slo 
041 0 |a slo 
044 |a xo 
100 1 |a Hliboký, Tomáš  |u 035000  |4 aut  |U FEI Fakulta elektrotechniky a informatiky  |T FEI Ústav informatiky a matematiky  |X 64144  |U E050  |Y 816  |7 64144 
242 0 1 |a Use of meta-heuristics in cryptanalysis of transposition ciphers  |y eng 
245 1 0 |a Využitie meta-heuristík pri lúštení transpozičných šifier 
260 |c 2018 
300 |a 61 s., CD-ROM 
650 4 |a text analysis  |2 eng 
650 4 |a meta-heuristics  |2 eng 
650 4 |a fitness function  |2 eng 
650 4 |a cryptography  |2 eng 
650 4 |a transposition cipher  |2 eng 
650 4 |a kryptografia  |2 slo 
650 4 |a transpozičné šifry  |2 slo 
650 4 |a ohodnotenie textu  |2 slo 
650 4 |a fitness funkcia  |2 slo 
650 4 |a meta-heuristika  |2 slo 
700 1 |a Antal, Eugen  |u 035000  |k Z1  |4 ths  |U FEI Fakulta elektrotechniky a informatiky  |T FEI Ústav informatiky a matematiky  |X 36087  |U E050  |Y 816  |7 A000036087 
856 4 |u http://is.stuba.sk/zp/portal_zp.pl?podrobnosti=137379 
996 |b 284EP12047  |c E*DIPL- 12047  |l EE35  |s P  |a 0  |w stuzp66505_0001